000 00689nam a2200193 a 4500
001 BRCA_833
005 20190320203153.0
008 900504s1986 mx-a---###---s001-0#spa-#
040 _aDLC
_cDLC
050 4 _aNK7114
_b.H69 1986
100 1 _aHoyo, Eugenio del
_92770
245 1 0 _aPlateros, plata y alhajas en Zacatecas, 1568-1782
_cEugenio del Hoyo.
260 _aZacatecas, México
_bGobierno del Estado de Zacatecas : Instituto de Cultura de Zacatecas
_c1986
300 _axxii, 199 p.
_bil. a color [4] hojas de láminas
_c28 cm.
500 _aIncluye índice onomástico
650 1 4 _aTrabajos en plata
_zMéxico
_92771
650 1 4 _aPlateros
_zZacatecas (México)
_92772
942 _2lcc
_cB
999 _c728
_d728